Welcome to WEB OPAC of MRSPTU Central Library

Research methodology methods and technique (Record no. 5940)

MARC details
000 -LEADER
fixed length control field 00481nam a2200181Ia 4500
008 - FIXED-LENGTH DATA ELEMENTS--GENERAL INFORMATION
fixed length control field 230711s9999||||xx |||||||||||||| ||und||
020 ## - INTERNATIONAL STANDARD BOOK NUMBER
International Standard Book Number 978-81-224-3623-5
041 ## - LANGUAGE CODE
Language code of text/sound track or separate title ENG
082 ## - DEWEY DECIMAL CLASSIFICATION NUMBER
Classification number 658.57
Item number KO-R
100 ## - MAIN ENTRY--PERSONAL NAME
Personal name Kothari,C.R
245 #0 - TITLE STATEMENT
Title Research methodology methods and technique
250 ## - EDITION STATEMENT
Edition statement 3rd . . Ed.
260 ## - PUBLICATION, DISTRIBUTION, ETC.
Date of publication, distribution, etc. 2014
Place of publication, distribution, etc. New Delhi
Name of publisher, distributor, etc. New Age International Publishers
300 ## - PHYSICAL DESCRIPTION
Extent 449p.
650 ## - SUBJECT ADDED ENTRY--TOPICAL TERM
Topical term or geographic name entry element UNIVESITY BUSNIESS SCHOOL
700 ## - ADDED ENTRY--PERSONAL NAME
Personal name Garg,Gaurav
942 ## - ADDED ENTRY ELEMENTS (KOHA)
Koha item type Book
Holdings
Withdrawn status Lost status Damaged status Not for loan Collection Home library Current library Date acquired Cost, normal purchase price Inventory number Total checkouts Full call number Barcode Date last seen Price effective from Koha item type Date last checked out
          MRSPTU Central Library MRSPTU Central Library   275.00 842483   658.57 KO-R 32032 08/17/2023 08/17/2023 Book  
          MRSPTU Central Library MRSPTU Central Library   275.00 842483   658.57 KO-R 32033 08/17/2023 08/17/2023 Book  
          MRSPTU Central Library MRSPTU Central Library   275.00 842483 3 658.57 KO-R 32034 03/27/2025 08/17/2023 Book 03/17/2025

Website Designed and Developed by MRSPTU Central Library Team

E-mail Id: librarian@mrsptu.ac.in